Autonoma̕, vulnerabilidad, dependencia y derechos humanos La configuracin̤ de un modelo social inclusivo para todas las personas /

Detalles Bibliográficos
Autor principal: Lazo Jara, Andrš
Formato: eBook
Lenguaje:español
Publicado: Madrid: Dykinson, 2020
Materias:
Acceso en línea:Acceso restringido

MARC

LEADER 00000nam a22000007a 4500
005 20210819122255.0
007 cr|||| ||||
008 210819s2020 es |||||s|||| 00||0 spa d
020 |a 978-84-1377-359-9 
035 |a 33545 
040 |a vLex 
090 |c 12058  |d 12058 
100 1 |a Lazo Jara, Andrš 
245 1 0 |a Autonoma̕, vulnerabilidad, dependencia y derechos humanos  |h [Recurso electrn̤ico] :  |b La configuracin̤ de un modelo social inclusivo para todas las personas /  |c Andrš Lazo Jara 
256 |a Servicio en ln̕ea 
260 |a Madrid:  |b Dykinson,  |c 2020 
300 |a 1 recurso electrn̤ico 
500 |a Este libro tiene un inmenso valor porque en ľ se replantean, y obliga al lector a replantearse, las bases constitutivas no sl̤o de nuestro actual sistema de derechos y libertades, sino de toda nuestra estructura social, polt̕ica y econm̤ica, realizǹdose un riguroso anl̀isis de planteamientos que son de una enorme trascendencia para nuestras sociedades y para la configuracin̤ de las mismas de cara al futuro que nos aguarda como humanidad. Fenm̤enos como el calentamiento global o la pandemia mundial de la COVID-19 ponen de manifiesto, ms̀ que nunca, que las soluciones sl̤o pueden venir desde sociedades fuertemente coordinadas, en las que los individuos cooperen en la consecucin̤ de objetivos comunes. En este sentido, Andrš Lazo consigue explicar, de forma muy clara y con argumentos sl̤idamente construidos, por qu ̌es necesario superar las bases ideolg̤icas que han terminado constituyendo nuestras sociedades excesivamente individualistas y excluyentes, y cm̤o entender una ms̀ justificada relacin̤ entre autonoma̕, vulnerabilidad, dependencia y derechos humanos, de manera que podamos configurar la sociedad desde la comprensin̤ de que la n︢ica forma de alcanzar la autonoma̕ personal es partiendo de nuestra realidad de seres consustancialmente vulnerables e interdependientes. 
506 1 |a Disponible solo en los productos indicados  |d vLex Global  |d vLex Global (Academic Edition, excluding Law Schools)  |d vLex Global (U.S. Academic Edition, Law Schools)  |d vLex Global (U.S. Academic Edition, excluding Law Schools)  |d vLex Global (Academic Edition, Law Schools) 
650 0 4 |a Derecho Constitucional  |z Espaą 
650 0 4 |a Derecho Militar  |z Espaą 
740 0 |a vLex Libros (Servicio en ln̕ea) 
856 4 0 |u https://app.vlex.com/#/sources/33545  |z Acceso restringido 
942 |c BOOK 
999 0 |a Constitutional Law 
999 0 |a Military Law